Sports Quiz

Random Sports or Soccer Quiz

UEFA Cup Winner's Cup Quiz Stats

 Plays Quiz Updated May 8, 2019

Score 0/39 Timer 05:00
2 Plays Today
Year Winner % Correct
1979Barcelona
90.4%
1982Barcelona
90.4%
1989Barcelona
90.4%
1997Barcelona
90.4%
1968Milan
89%
1973Milan
89%
1991Manchester United
87.7%
1971Chelsea
83.2%
1998Chelsea
83.2%
1994Arsenal
80.2%
1984Juventus
79.8%
1967Bayern Munich
72.4%
1987Ajax
70.1%
1972Rangers
64.7%
1999Lazio
60.2%
1963Tottenham Hotspur
60.1%
1980Valencia
59.4%
1962Atlético Madrid
55.1%
1996Paris Saint-Germain
54.2%
1976Anderlecht
53.4%
Year Winner % Correct
1978Anderlecht
53.4%
1985Everton
51.7%
1966Borussia Dortmund
50.9%
1983Aberdeen
50.6%
1964Sporting CP
49.8%
1970Manchester City
49%
1993Parma
45.4%
1977Hamburg
39.5%
1961Fiorentina
39.4%
1990Sampdoria
34.2%
1975Dynamo Kyiv
33.4%
1965West Ham United
31.2%
1986Dynamo Kyiv
26.9%
1995Real Zaragoza
24.4%
1992Werder Bremen
24.2%
1988KV Mechelen
14.2%
1974FC Magdeburg
10.3%
1969Slovan Bratislava
9.8%
1981Dinamo Tbilisi
9.5%

You're not logged in!

Compare scores with friends on all Sporcle quizzes.
OR
Log In

Sporcle TV

Today on Sporcle TV


Watch our educational content, quiz creation guides, and fun videos on Sporcle TV.

Show Comments

Extras

Top Quizzes Today


Score Distribution

Your Account Isn't Verified!

In order to create a playlist on Sporcle, you need to verify the email address you used during registration. Go to your Sporcle Settings to finish the process.

Report this User

Report this user for behavior that violates our Community Guidelines.

Details: